Библиография Победы

“Убежден: опыт солидарности, партнерства в годы борьбы с общей угрозой — это наше бесценное наследие, прочная опора именно сейчас, когда набирает силу необратимое движение к более справедливому многополярному миру, основанному на принципах доверия и неделимой безопасности, равных возможностей для самобытного и свободного развития всех стран и народов.”

В.В. Путин

С Востока на Запад (Запись № 42155)

Подробности
000 -МАРКЕР
контрольное поле 02160nam0a22002891 4500
001 - ИДЕНТИФИКАТОР ЗАПИСИ
контрольное поле rc\4132426
005 - ИДЕНТИФИКАТОР ВЕРСИИ
контрольное поле 20250806202829.0
035 ## - ДРУГИЕ СИСТЕМНЫЕ НОМЕРА
Идентификатор записи (NLR Aleph) 007903740
100 ## - ДАННЫЕ ОБЩЕЙ ОБРАБОТКИ
Данные общей обработки 20130415d1943 u y0rusy50 ca
101 0# - ЯЗЫК РЕСУРСА
Язык текста, звукозаписи и т.д. русский
102 ## - СТРАНА ПУБЛИКАЦИИ ИЛИ ПРОИЗВОДСТВА
Страна публикации российская федерация
105 ## - ПОЛЕ КОДИРОВАННЫХ ДАННЫХ: ТЕКСТОВЫЕ МАТЕРИАЛЫ, МОНОГРАФИЧЕСКИЕ
Кодированные данные о монографическом текстовом документе y z |||a|
200 1# - ЗАГЛАВИЕ И СВЕДЕНИЯ ОБ ОТВЕТСТВЕННОСТИ
Основное заглавие С Востока на Запад
Сведения, относящиеся к заглавию Стихи
210 ## - ПУБЛИКАЦИЯ, РАСПРОСТРАНЕНИЕ И ДР.
Место издания, распространения и т.д. Хабаровск
Имя издателя, распространителя и т. д. Дальгиз
Дата издания, распространения и т.д. 1943
215 ## - ФИЗИЧЕСКАЯ ХАРАКТЕРИСТИКА
Специфическое обозначение материала и объем 80 с.
Другие сведения о физической характеристике заставки
Размеры 17
300 ## - ОБЩИЕ ПРИМЕЧАНИЯ
Текст примечания Перед загл. автор: Петр Комаров
327 1# - ПРИМЕЧАНИЯ О СОДЕРЖАНИИ
Текст примечания Содерж.: Сибирская легенда; Топтугары; Первый из удэге; "Широких дорог многоверстьем..."; Сердцем - к сердцу; Диспетчер; Энский завод; Ночной цех; Амурсталь; Награда; Свинец; Воен.-полевая дорога; "Я прохожу дорогой длинной"; Вечер в степи; Комбайнер; Весенний пал; "Слышу голос - нету отголоска..."; "Как стих, без единой запинки..."; "Беспутные ветры степей..."; Осень
464 #0 - АНАЛИТИЧЕСКИЙ УРОВЕНЬ
Встроенное поле 2001#$aСибирская легенда$aТоптугары$aПервый из удэге$aШироких дорог многоверстьем...$aСердцем - к сердцу$aДиспетчер$aЭнский завод$aНочной цех$aАмурсталь$aНаграда$aСвинец$aВоенно-полевая дорога$aЯ прохожу дорогой длинной$aВечер в степи$aКомбайнер$aВесенний пал$aСлышу голос - нету отголоска...$aКак стих, без единой запинки...$aБеспутные ветры степей...$aОсень
700 #1 - ИМЯ ЛИЦА - ПЕРВИЧНАЯ ОТВЕТСТВЕННОСТЬ
Начальный элемент ввода Комаров
Часть имени, кроме начального элемента ввода П. С.
Дополнения к именам, кроме дат поэт
Даты 1911-1949
Расширение инициалов личного имени Пётр Степанович
Идентификатор авторитетной/нормативной записи RU\NLR\AUTH\770158091
801 #0 - ИСТОЧНИК ЗАПИСИ
Страна российская федерация
Организация NLR
Правила каталогизации psbo
801 #1 - ИСТОЧНИК ЗАПИСИ
Страна российская федерация
Организация ELAR
Источник данных rusmarc
942 ## - ДОПОЛНИТЕЛЬНЫЕ ЭЛЕМЕНТЫ ЗАПИСИ (АБИС)
Тип экземпляра АБИС Книга
945 ## - Информацию об издании предоставили:
Полное название организации, предоставившей материал Российская национальная библиотека
980 ## - КОЛЛЕКЦИЯ
Название коллекции Национальная библиография
980 ## - КОЛЛЕКЦИЯ
Название коллекции Библиография Победы

Нет доступных экземпляров.